|
|
|
|
| LEADER |
00000nam0a2200000 4500 |
| 001 |
679580 |
| 005 |
20250408132738.0 |
| 090 |
|
|
|a 679580
|
| 100 |
|
|
|a 20250408d1979 k||y0rusy50 ca
|
| 101 |
0 |
|
|a rus
|
| 102 |
|
|
|a RU
|
| 105 |
|
|
|a a z 001yy
|
| 181 |
|
0 |
|a i
|b e
|
| 182 |
|
0 |
|a n
|
| 183 |
|
0 |
|a nc
|2 RDAcarrier
|
| 200 |
1 |
|
|a Новое в геологии месторождений полезных ископаемых Северо-Запада РСФСР
|e труды
|f Геологический фонд РСФСР
|
| 203 |
|
|
|a Текст
|b визуальный
|c непосредственный
|
| 210 |
|
|
|a Москва
|c [б. и.]
|d 1979
|
| 215 |
|
|
|a 157 с.
|c ил.
|
| 283 |
|
|
|a volume
|2 RDAcarrier
|
| 320 |
|
|
|a Литература в конце статей
|
| 606 |
1 |
|
|a Месторождения полезных ископаемых
|x Геология
|9 61918
|
| 610 |
1 |
|
|a магматические формации
|
| 610 |
1 |
|
|a кора выветривания
|
| 610 |
1 |
|
|a геологоразведочные работы
|
| 610 |
1 |
|
|a минеральные воды
|
| 610 |
1 |
|
|a железорудные формации
|
| 610 |
1 |
|
|a медно-никелевые формации
|
| 675 |
|
|
|a 553
|v 4
|
| 712 |
0 |
2 |
|a Геологический фонд РСФСР
|4 570
|9 25356
|
| 801 |
|
0 |
|a RU
|b 63413507
|c 20250408
|
| 830 |
|
|
|a Ретро2025Каталогизация Мотырева
|
| 850 |
|
|
|a 63413507
|
| 942 |
|
|
|c BK
|